00668cam a22002057a 4500003000500000005001700005008004100022010001000063011001000073035001000083040000900093100003000102245009400132260004100226300001000267502010200277650002400379650002200403700003700425CHAP20220329142151.0000125d mx r 00110 spa d a79480 a80452 a90903 cCHAP00aAnzures Soriano, Gerardo.10aComercialización del amaranto en San Juan Amecac, Pueblac/ por Gerardo Anzures Soriano aChapingo, Méx. :bEl autor,c1999. a78 h. aTesis (Lic. en Economía Agrícola) -- UACH. División de Ciencias Económico-Administrativas14aAmarantoxMercadeo.14aAmarantoxPuebla.0 aRivera Meléndez, Omar Vulcano.